000
00307nam a2200121Ia 4500
008
190723s9999 xx 000 0 und d
020
_a
978-0-19-906898-2
100
_a
Taymoor Soomro
245
4
_a
The Contract Law of Pakistan
260
_a
Karachi
_b
Oxford Uni Press
_c
2015
300
_a
366.:p
942
_c
BK
999
_c
1724
_d
1724